000 00418nam a2200157Ia 4500
008 210210b1993 xxu||||| |||| 00| 0 eng d
082 _a540.2 JAIR
100 _aJAIN (Anamika) & JAIN (Malika).
245 _aRefresher course in chemistry.V2.
260 _aN D
_bDhanpat Rai & sons
_c1993
300 _aviii,649-1136
440 _a2
650 _aRefresher Cource Chemistry
690 _aChemistry
906 _a047603
999 _c96770
_d96770